| 000 | 00000nam##2200000za#4500 |
| 001 | 9.569706 |
| 003 | CaOODSP |
| 005 | 20210624181909 |
| 007 | cr ||||||||||| |
| 008 | 150406|1994||||xxc|||||o f|0| 0 eng|d |
| 040 | |aCaOODSP|beng |
| 043 | |an-cn--- |
| 086 | 1 |aNH18-1/162-1994E-PDF |
| 110 | 2 |aCanada Mortgage and Housing Corporation. |
| 245 | 10|aOpportunities for accelerating implementation of environmentally sustainable high performance housing / |h[electronic resource]|cby Robert J. Booth and Peter S. Kettenbeil. |
| 260 | |aOttawa - Ontario : |bCanada Mortgage and Housing Corporation |c1994. |
| 300 | |a75p.|breferences, tables |
| 490 | 1 |aResearch report |
| 590 | |a12-29-Supp|b2012-06-25 |
| 720 | 1 |aBooth, Robert J. |
| 720 | 1 |aKettenbeil, Peter S. |
| 775 | 08|tPossibilitiés d'accélérer la mise en oeuvre des habitations écologiques très performantes / |w(CaOODSP)9.600703 |
| 830 | #0|aResearch report (Canada Mortgage and Housing Corporation : Online)|w(CaOODSP)9.506068 |
| 856 | 40|ahttp://publications.gc.ca|qPDF|s4 MB|uhttps://publications.gc.ca/collections/collection_2011/schl-cmhc/nh18-1/NH18-1-162-1994-eng.pdf |